Fox and McDonald's introduction to fluid mechanics / (Record no. 5952)

000 -LEADER
fixed length control field 01336cam a22003618i 4500
003 - CONTROL NUMBER IDENTIFIER
control field OSt
005 - DATE AND TIME OF LATEST TRANSACTION
control field 20221114215542.0
008 - FIXED-LENGTH DATA ELEMENTS--GENERAL INFORMATION
fixed length control field 190913s2019 nju b 001 0 eng
020 ## - INTERNATIONAL STANDARD BOOK NUMBER
International Standard Book Number 9781119616498
020 ## - INTERNATIONAL STANDARD BOOK NUMBER
Canceled/invalid ISBN 9781119616566
020 ## - INTERNATIONAL STANDARD BOOK NUMBER
Canceled/invalid ISBN 9781119603764
040 ## - CATALOGING SOURCE
Transcribing agency DLC
042 ## - AUTHENTICATION CODE
Authentication code pcc
050 00 - LIBRARY OF CONGRESS CALL NUMBER
Classification number TA357
Item number .F69 2019
100 1# - MAIN ENTRY--PERSONAL NAME
Personal name Fox, Robert W.,
Dates associated with a name 1934-2014,
245 10 - TITLE STATEMENT
Title Fox and McDonald's introduction to fluid mechanics /
Statement of responsibility, etc. John W. Mitchell, University of Wisconsin-Madison.
250 ## - EDITION STATEMENT
Edition statement 10th edition.
263 ## - PROJECTED PUBLICATION DATE
Projected publication date 1912
264 #1 - PRODUCTION, PUBLICATION, DISTRIBUTION, MANUFACTURE, AND COPYRIGHT NOTICE
Place of production, publication, distribution, manufacture Hoboken :
Name of producer, publisher, distributor, manufacturer Wiley,
Date of production, publication, distribution, manufacture, or copyright notice 2019.
300 ## - PHYSICAL DESCRIPTION
Extent pages cm
336 ## - CONTENT TYPE
Content type term text
Content type code txt
Source rdacontent
337 ## - MEDIA TYPE
Media type term unmediated
Media type code n
Source rdamedia
338 ## - CARRIER TYPE
Carrier type term volume
Carrier type code nc
Source rdacarrier
504 ## - BIBLIOGRAPHY, ETC. NOTE
Bibliography, etc. note Includes bibliographical references and index.
520 ## - SUMMARY, ETC.
Assigning source Provided by publisher.
650 #0 - SUBJECT ADDED ENTRY--TOPICAL TERM
Topical term or geographic name entry element Fluid mechanics.
700 1# - ADDED ENTRY--PERSONAL NAME
Personal name Mitchell, John W.,
Relator term author.
776 08 - ADDITIONAL PHYSICAL FORM ENTRY
Relationship information Online version:
Main entry heading Fox, Robert W., 1934-2014
Title Fox and McDonald's introduction to fluid mechanics
Edition Tenth edition.
Place, publisher, and date of publication Hoboken : Wiley, 2019.
International Standard Book Number 9781119616566
Record control number (DLC) 2019041376
856 ## - ELECTRONIC LOCATION AND ACCESS
Uniform Resource Identifier http://172.30.46.200/cgi-bin/koha/opac-retrieve-file.pl?id=1ad27a87d0ef79cdde3300740db43b76
906 ## - LOCAL DATA ELEMENT F, LDF (RLIN)
a 7
b cbc
c orignew
d 1
e ecip
f 20
g y-gencatlg
942 ## - ADDED ENTRY ELEMENTS (KOHA)
Source of classification or shelving scheme
Koha item type Book
Suppress in OPAC MW
Holdings
Withdrawn status Lost status Source of classification or shelving scheme Damaged status Not for loan Permanent Location Current Location Shelving location Date acquired Total Checkouts Full call number Date last seen Price effective from Koha item type Public note
          AU LIBRARY AU LIBRARY Virtual Library 15.11.2022   TA357 .F69 2019 15.11.2022 15.11.2022 e-book MW

Powered by Koha